लोड हो रहा है...

The basics of communication : a relational perspective /

ग्रंथसूची विवरण
मुख्य लेखक: Duck, Steve
अन्य लेखक: McMahan, David T.
स्वरूप: Printed Book
प्रकाशित: Thousand Oaks, CA : SAGE Publications, c2012.
संस्करण:2nd ed.
विषय:
LEADER 01594cam a2200241 a 4500
010 |a  2010048516 
020 |a 9781412981095 (pbk. : acidfree paper) 
082 0 0 |a 302.2  |2 22 
100 1 |a Duck, Steve. 
245 1 4 |a The basics of communication :  |b a relational perspective /  |c Steve Duck, David T. McMahan. 
250 |a 2nd ed. 
260 |a Thousand Oaks, CA :  |b SAGE Publications,  |c c2012. 
300 |a xxxvi, 429 p. :  |b col. ill. ;  |c 26 cm. 
650 0 |a Communication. 
700 1 |a McMahan, David T. 
942 |2 ddc  |c BK 
504 |a Includes bibliographical references and index. 
505 0 |a An overview of communication -- Verbal communication -- Nonverbal communication -- Listening -- Identities and perceptions -- Talk and interpersonal relationships -- Groups and leaders -- Culture and communication -- Technology in everyday life -- Technology in everyday life -- Preparing for a public presentation -- Developing a public presentation -- Relating through informative speeches and persuasive speeches -- Delivering a public presentation -- Interviewing. 
906 |a 7  |b cbc  |c orignew  |d 1  |e ecip  |f 20  |g y-gencatlg 
955 |b rg17 2010-11-16  |i rg17 2010-11-16 to rev.  |a xd13 2010-11-17 changed copyright year per publisher  |a xe05 2011-06-08 1 copy rec'd., to CIP ver. 
999 |c 149963  |d 149963 
952 |0 0  |1 0  |4 0  |6 302_200000000000000_DUC_B  |7 0  |9 160266  |a MCJ  |b MCJ  |c ST1  |d 2013-07-30  |i 2698  |l 0  |o 302.2 DUC/B  |p MCJ2698  |r 2014-06-21  |w 2014-06-21  |y BK 
952 |0 0  |1 0  |2 ddc  |4 0  |6 302_200000000000000_DUC_B  |7 0  |9 160267  |a MCJ  |b MCJ  |c ST1  |d 2015-06-16  |i 3016  |l 0  |o 302.2 DUC/B  |p MCJ3016  |r 2015-06-16  |t 2  |w 2015-06-16  |y BK